LDR 00940naa#a2200157#i#450# 001 RU\\bibl\113439 005 20260429051513.3 011 ## _a2587-9820 100 ## _a20260331b2026####ek#y0rusy0150####ca 102 ## _aRU 200 1# _aНЕКОТОРЫЕ ПРОБЛЕМЫ ПРЕДОСТАВЛЕНИЯ МЕДИЦИНСКИХ ДОКУМЕНТОВ В ЭЛЕКТРОННОМ ФОРМАТЕ ДЛЯ СУДЕБНО-МЕДИЦИНСКОЙ ЭКСПЕРТИЗЫ (НА ПРИМЕРЕ КГБУЗ КРАСНОЯРСКОЕ КРАЕВОГО БЮРО СУДЕБНО-МЕДИЦИНСКОЙ ЭКСПЕРТИЗЫ) _eЖурнальная статья 210 1# _aИркутск _cВосточно-Сибирский институт Министерства внутренних дел Российской Федерации _d2026 215 ## _a9 с. 608 ## _aЖурнальная статья _2local 700 #1 _aЗиненко _gЮлия Васильевна 856 4# _akvsz.ru _u